| 000 | 00586nam a22001937a 4500 | ||
|---|---|---|---|
| 005 | 20251104170338.0 | ||
| 008 | 251104b |||||||| |||| 00| 0 eng d | ||
| 037 | _cTB | ||
| 040 |
_aAL _cAL |
||
| 041 |
_2HIN _aHIN |
||
| 084 | _bAL | ||
| 100 |
_aकृष्ण लाल _9850203 |
||
| 245 | _aवैदिक संग्रह: | ||
| 260 |
_aदिल्ली, भारत: _bईस्टर्न बुक्स, _c1977. |
||
| 300 | _a219p. | ||
| 365 |
_b60.00 _cINR |
||
| 942 |
_2CC _cTB _n0 |
||
| 999 |
_c1465149 _d1465149 |
||